Sinh học

में बचाया:
ग्रंथसूची विवरण
मुख्य लेखक: Phillips, W.D
स्वरूप: पुस्तक
भाषा:Undetermined
प्रकाशित: Hà Nội Giáo dục 2004
विषय:
टैग : टैग जोड़ें
कोई टैग नहीं, इस रिकॉर्ड को टैग करने वाले पहले व्यक्ति बनें!
Thư viện lưu trữ: Trung tâm Học liệu Trường Đại học Cần Thơ
LEADER 00458nam a2200181Ia 4500
001 CTU_92471
008 210402s9999 xx 000 0 und d
082 |a 570 
082 |b P554/T.2 
100 |a Phillips, W.D 
245 0 |a Sinh học 
245 0 |c W.D Phillips, T.J. Chilton 
260 |a Hà Nội 
260 |b Giáo dục 
260 |c 2004 
650 |a Biology 
904 |i Tuyến 
980 |a Trung tâm Học liệu Trường Đại học Cần Thơ